| 000 | 00561nam a2200205 i 4500 | ||
|---|---|---|---|
| 001 | 83248 | ||
| 003 | ES-MaACL | ||
| 005 | 20250920063048.0 | ||
| 007 | t| | ||
| 008 | 041116s1952 sp ||||1| spa d | ||
| 080 | _a821.134.2-31"19" | ||
| 100 | 1 |
_aInsĂșa, Alberto, _d1885-1963 _965346 |
|
| 245 | 1 | 3 |
_aLa mujer, el torero y el toro / _cAlberto InsĂșa. |
| 260 |
_aMadrid : _bTesoro, _c[1952] ( _fIbarra) |
||
| 300 |
_a271 p. ; _c19 cm. |
||
| 490 | 1 | _aSiglo XX | |
| 830 | 1 |
_aSiglo XX _9181819 |
|
| 852 | 4 |
_aES-MaACL _jD-8866 |
|
| 999 |
_c83248 _d83248 |
||